[Event "AUTO-INT-2755"]
[Site "http://www.queenalice.com/game.php?id=1231127"]
[Date "2013.11.9"]
[Round "1"]
[White "priest666"]
[Black "Ricardoabreu"]
[Result "1-0"]
[WhiteElo "1562"]
[BlackElo "1475"]

1. e4 b6 2. d4 g6 3. Nf3 Bb7 4. Nc3 Bg7 5. Bc4 e6 6. e5 Bh6 7. O-O a6 8. a4 Bxc1
9. Qxc1 Qe7 10. Re1 Bxf3 11. gxf3 Qb4 12. Bd3 Nc6 13. d5 Nd4 14. Re4 Qc5 15.
dxe6 Nxe6 16. f4 Ne7 17. Rc4 Qa5 18. b4 1-0

[Event "AUTO-INT-2755"]
[Site "http://www.queenalice.com/game.php?id=1231128"]
[Date "2013.11.9"]
[Round "1"]
[White "Ricardoabreu"]
[Black "priest666"]
[Result "0-1"]
[WhiteElo "1467"]
[BlackElo "1578"]

1. b3 d5 2. Bb2 Nf6 3. g3 e5 4. Bxe5 Nc6 5. Bb2 Be6 6. e3 g6 7. h3 Bg7 8. Qe2
O-O 9. Bg2 Nb4 10. Qd1 Ne4 11. Bxg7 Kxg7 12. a3 Qf6 13. f3 Nxg3 14. Rh2 Nc6 15.
Ne2 Nxe2 16. Qxe2 Qxa1 17. Qd1 b5 18. f4 a5 19. Rh1 b4 20. a4 Ne7 21. Kf2 d4 22.
Qe2 Rad8 23. Qb5 Ra8 24. Bxa8 dxe3+ 25. dxe3 Rxa8 26. Kg2 Bd5+ 27. Kg1 Qxb1+ 28.
Kh2 Qxc2+ 29. Kg3 Qg2+ 30. Kh4 Qxh1 31. Qe8 Rxe8 0-1

[Event "AUTO-INT-2809"]
[Site "http://www.queenalice.com/game.php?id=1257819"]
[Date "2014.2.18"]
[Round "1"]
[White "Enaum"]
[Black "priest666"]
[Result "1-0"]
[WhiteElo "1479"]
[BlackElo "1565"]

1. e4 d5 2. d4 dxe4 3. Nc3 Nf6 4. h3 Nc6 5. Bb5 Bd7 6. Bxc6 Bxc6 7. Bg5 e6 8.
Nge2 Be7 9. f3 h6 10. Bxf6 Bxf6 11. fxe4 O-O 12. d5 exd5 13. exd5 1-0

[Event "AUTO-INT-2809"]
[Site "http://www.queenalice.com/game.php?id=1257820"]
[Date "2014.2.18"]
[Round "1"]
[White "priest666"]
[Black "Enaum"]
[Result "0-1"]
[WhiteElo "1593"]
[BlackElo "1422"]

1. e4 d5 2. d3 e5 3. Nf3 Nc6 4. Nc3 dxe4 5. Nxe4 f6 6. g3 Bb4+ 7. Bd2 Nge7 8.
Bg2 Nd5 9. O-O Bg4 10. a3 Bxd2 11. Qxd2 O-O 12. c4 Nb6 13. b4 Bxf3 0-1

[Event "AUTO-INT-2809"]
[Site "http://www.queenalice.com/game.php?id=1257829"]
[Date "2014.2.18"]
[Round "1"]
[White "priest666"]
[Black "Alcar"]
[Result "0-1"]
[WhiteElo "1494"]
[BlackElo "1558"]

1. e4 c5 2. Qh5 Nf6 3. Qxc5 e6 4. Qe3 b6 5. Nc3 Bc5 6. d4 Bb4 7. Bd2 O-O 8. Nf3
Re8 9. a3 Bxc3 10. Bxc3 d5 11. e5 Ne4 0-1

[Event "AUTO-INT-2809"]
[Site "http://www.queenalice.com/game.php?id=1257830"]
[Date "2014.2.18"]
[Round "1"]
[White "Alcar"]
[Black "priest666"]
[Result "1-0"]
[WhiteElo "1543"]
[BlackElo "1509"]

1. d4 d5 2. c4 dxc4 3. Nc3 Nc6 4. Nf3 Nf6 5. e4 Na5 6. Bg5 e6 7. e5 h6 8. Bh4 g5
9. Bg3 g4 10. Nd2 Nd5 11. Nde4 Be7 12. Nxd5 1-0

[Event "AUTO-INT-3318"]
[Site "http://www.queenalice.com/game.php?id=1515452"]
[Date "2018.2.10"]
[Round "1"]
[White "Alex_ac"]
[Black "priest666"]
[Result "0-1"]
[WhiteElo "1571"]
[BlackElo "1525"]

1. e4 e5 2. a3 Nf6 3. Nc3 d6 4. h3 Nc6 5. Nf3 g6 6. Bb5 Bd7 7. O-O Nd4 8. Bc4
Bh6 9. Nd5 Nxe4 10. Nxd4 exd4 11. d3 Ng5 12. Bf4 O-O 13. Qd2 b5 14. Bb3 Be6 15.
Nb4 Bd7 16. Bd5 c6 17. Bb3 a5 18. Bxd6 Nf3+ 19. gxf3 Bxd2 20. Na2 Qg5+ 21. Kh2
Rfe8 22. Rg1 Qh5 23. Rg4 Re2 24. Kg3 Be1 25. f4 Bxf2+ 0-1

[Event "AUTO-INT-3318"]
[Site "http://www.queenalice.com/game.php?id=1515453"]
[Date "2018.2.10"]
[Round "1"]
[White "priest666"]
[Black "Alex_ac"]
[Result "1-0"]
[WhiteElo "1533"]
[BlackElo "1597"]

1. e4 e5 2. Nf3 d6 3. d4 h6 4. Nbd2 a6 5. dxe5 dxe5 6. Nxe5 Qe7 7. Ndc4 Nc6 8.
f4 Nf6 9. Bd3 Qc5 10. Be3 Qe7 11. O-O Be6 12. Nxc6 bxc6 13. Ne5 Qd6 14. f5 Bd7
15. c3 Qxe5 16. Qa4 Bd6 17. g3 c5 18. Qb3 O-O 19. Bf4 Qe7 20. Bxd6 cxd6 21. Qc2
Ng4 22. Qe2 Ne5 23. f6 gxf6 24. Rf4 Nxd3 25. Qxd3 Qe5 26. Rh4 Kg7 27. Qf3 f5 28.
Qh5 fxe4 29. Qxh6+ 1-0

[Event "AUTO-INT-3318"]
[Site "http://www.queenalice.com/game.php?id=1515466"]
[Date "2018.2.10"]
[Round "1"]
[White "salvachess"]
[Black "priest666"]
[Result "0-1"]
[WhiteElo "1674"]
[BlackElo "1481"]

1. e4 e5 2. Nf3 Nc6 3. a3 d6 4. Bb5 Bd7 5. Bxc6 Bxc6 6. Nc3 Nf6 7. d3 a5 8. Bg5
h6 9. Bxf6 Qxf6 10. O-O Bd7 11. Nd5 Qd8 12. c4 c6 13. Nc3 Qf6 14. h3 h5 15. b4
Qg6 16. b5 Bxh3 17. bxc6 Qxg2# 0-1

[Event "AUTO-INT-3318"]
[Site "http://www.queenalice.com/game.php?id=1515467"]
[Date "2018.2.10"]
[Round "1"]
[White "priest666"]
[Black "salvachess"]
[Result "1-0"]
[WhiteElo "1505"]
[BlackElo "1650"]

1. e4 e5 2. Nf3 Nc6 3. d3 d6 4. Nc3 Bg4 5. Be2 Bxf3 6. Bxf3 a6 7. O-O h6 8. a4
Nf6 9. b3 Be7 10. Nd5 Nxd5 11. exd5 Nb8 12. d4 Nd7 13. Re1 O-O 14. Be4 Nf6 15.
Re3 b5 16. Rg3 g5 17. Rh3 Nxe4 18. Qh5 f5 19. Qg6+ 1-0

[Event "AUTO-INT-3318"]
[Site "http://www.queenalice.com/game.php?id=1515474"]
[Date "2018.2.10"]
[Round "1"]
[White "paepum"]
[Black "priest666"]
[Result "0-1"]
[WhiteElo "1284"]
[BlackElo "1527"]

1. e4 e5 2. Nf3 Nc6 3. g3 d5 4. Nh4 dxe4 5. Nc3 f5 6. Qe2 Nd4 7. Qe3 Nxc2+ 8.
Kd1 Nxe3+ 9. fxe3 Nf6 10. Bc4 Ng4 11. Ke1 g5 12. h3 Nxe3 13. dxe3 gxh4 14. Ne2
Bb4+ 15. Kf1 c6 16. a3 Ba5 17. b4 Bc7 18. g4 Rf8 19. a4 f4 20. b5 Qd1+ 21. Kg2
f3+ 22. Kh2 fxe2 23. Rxd1 exd1=Q 24. g5 Rf2# 0-1

[Event "AUTO-INT-3318"]
[Site "http://www.queenalice.com/game.php?id=1515475"]
[Date "2018.2.10"]
[Round "1"]
[White "priest666"]
[Black "paepum"]
[Result "0-1"]
[WhiteElo "1552"]
[BlackElo "1269"]

1. e4 e5 2. Nf3 Nf6 3. d3 g5 4. Nxg5 d6 5. c3 h5 6. Qb3 d5 7. Be2 Bh6 8. d4 exd4
9. e5 Ne4 10. f4 h4 11. Nxe4 dxe4 12. Bh5 Be6 13. Qb5+ c6 14. Qxb7 Nd7 15. Qxc6
Rc8 16. Qxe4 h3 17. f5 Nc5 18. Qc2 Bc4 19. e6 Nd3+ 20. Kd1 Qh4 21. exf7+ Kf8 22.
Nd2 Nf2+ 23. Ke1 Nxh1+ 24. g3 Nxg3 25. Bf3 Nh1+ 26. Kd1 Qf2 27. Qe4 Qxh2 28.
Qxd4 Nf2+ 29. Kc2 Qg1 30. Qxh8+ Kxf7 31. Bh5+ Ke7 32. Qh7+ Bg7 33. Nf3 Qd1+ 0-1

[Event "AUTO-INT-3326"]
[Site "http://www.queenalice.com/game.php?id=1519128"]
[Date "2018.3.11"]
[Round "1"]
[White "Ricardoabreu"]
[Black "priest666"]
[Result "1-0"]
[WhiteElo "1671"]
[BlackElo "1549"]

1. b3 c6 2. Bb2 d5 3. e3 e6 4. Qg4 e5 5. Qg3 f6 6. f3 Bf5 7. d3 d4 8. exd4 exd4
9. Nd2 Qe7+ 10. Be2 Qc5 11. O-O-O g5 12. Qc7 Qb5 13. Bxd4 Na6 14. Qg3 Nb4 15.
Kb2 Bc5 16. Bxc5 Qxc5 17. Rc1 Qa5 18. a3 Nd5 19. b4 Qa4 20. c4 Ne3 21. Qf2 Nxc4+
22. Rxc4 O-O-O 23. Rc3 a5 24. bxa5 Qb5+ 25. Nb3 Ne7 26. d4 Qa4 27. Bc4 b5 28.
Bd3 Be6 29. Qe3 Rd6 30. Nc5 Nd5 31. Qxe6+ Rxe6 32. Nxa4 bxa4 33. Rc5 Kc7 34. Ne2
Rb8+ 35. Ka2 Rb3 36. Bc4 Rxe2+ 37. Ka1 Rd2 38. Bxd5 Rxa3+ 39. Kb1 Kd6 40. Bxc6
Rda2 41. Rhc1 Ra1+ 42. Kc2 R1a2+ 43. Kd1 Rd3+ 44. Ke1 Rxd4 45. Be4 Ke6 46. Bxh7
Ra3 47. Rc6+ Rd6 48. Bg8+ Kd7 49. Rc7+ 1-0

[Event "AUTO-INT-3326"]
[Site "http://www.queenalice.com/game.php?id=1519129"]
[Date "2018.3.11"]
[Round "1"]
[White "priest666"]
[Black "Ricardoabreu"]
[Result "0-1"]
[WhiteElo "1566"]
[BlackElo "1653"]

1. e4 b6 2. Nf3 Bb7 3. Nc3 g6 4. d4 e6 5. Bd3 Bg7 6. e5 Nc6 7. O-O h6 8. d5 Nxe5
9. Bf4 Nxd3 10. Qxd3 Ne7 11. Be5 Bxe5 12. Nxe5 d6 13. Qb5+ Kf8 14. Nd7+ Kg8 15.
dxe6 fxe6 16. Rfe1 e5 17. Qc4+ Kg7 18. Qe6 Nf5 19. Ne4 Bxe4 20. Rxe4 Re8 21.
Qf6+ Qxf6 22. Nxf6 Kxf6 23. g4 Nd4 24. c3 Nf3+ 25. Kg2 Ng5 26. Re3 Kg7 27. h4
Ne6 28. Rh1 Rf8 29. h5 Ng5 30. Kg3 Rf4 31. Rf1 Raf8 32. b4 Rf3+ 33. Kg2 Rxe3 34.
fxe3 Rxf1 35. Kxf1 gxh5 36. gxh5 Ne4 37. c4 Ng3+ 38. Kf2 Nxh5 39. Kf3 Nf6 40. e4
Kg6 41. Ke3 Kg5 0-1

[Event "AUTO-INT-3326"]
[Site "http://www.queenalice.com/game.php?id=1519156"]
[Date "2018.3.11"]
[Round "1"]
[White "priest666"]
[Black "Sixpack_is_impossible"]
[Result "0-1"]
[WhiteElo "1553"]
[BlackElo "1930"]

1. e4 d5 2. Nc3 d4 3. Nce2 d3 4. Nc3 e5 5. Bxd3 Nc6 6. Nf3 Bd6 7. O-O Nf6 8. a3
O-O 9. b4 Bg4 10. Be2 Bxf3 11. Bxf3 Nd4 12. Nd5 Nxd5 13. exd5 e4 14. Bxe4 Qh4
15. f4 Bxf4 16. g3 Bxg3 17. hxg3 Qxe4 18. d3 Qe5 19. Bf4 Qxd5 20. c4 Qd7 21. Qh5
c6 22. c5 Rfe8 23. Qg5 Ne2+ 24. Kf2 Qd4+ 25. Be3 Qxd3 26. Rfd1 Qc2 27. Rd2 Qc4
28. Rxe2 a5 29. Rh1 axb4 30. axb4 Ra3 31. Bc1 Rxe2+ 0-1

[Event "AUTO-INT-3326"]
[Site "http://www.queenalice.com/game.php?id=1519157"]
[Date "2018.3.11"]
[Round "1"]
[White "Sixpack_is_impossible"]
[Black "priest666"]
[Result "1-0"]
[WhiteElo "2022"]
[BlackElo "1551"]

1. c4 c6 2. d4 d5 3. c5 Nf6 4. f3 Nbd7 5. Nc3 e5 6. dxe5 Nxe5 7. f4 Ned7 8. Be3
Nxc5 9. Bxc5 Bxc5 10. Nf3 O-O 11. Qb3 Qe7 12. O-O-O Be3+ 13. Kb1 Bf5+ 14. Ka1
Ne4 15. Nxd5 cxd5 16. Qxe3 Rfd8 17. Nd4 Qf6 18. Nxf5 Qxf5 19. g3 d4 20. Rxd4 Nc5
21. Qd2 Rxd4 22. Qxd4 Ne6 23. Qd3 Qc5 24. Bg2 Rb8 25. e3 Rd8 26. Qe2 Rc8 27. Kb1
Qf5+ 28. Ka1 Rc2 29. Qf3 Qb5 30. b3 Qa6 31. a4 Qb6 32. Qxb7 Rc7 33. Qxb6 axb6
34. Kb2 Nc5 35. Rd1 f6 36. Bd5+ 1-0